| 000 | 00772cam a2200265 4500 | ||
|---|---|---|---|
| 001 | B2796 | ||
| 008 | 090401t1990 xxu||||| |||| 00| 0 eng d | ||
| 035 | _a(Sirsi) u52239 | ||
| 041 | _aeng | ||
| 050 | _a657.42 | ||
| 090 | _aRICS 1990/22A | ||
| 110 |
_aRoyal Institution of Chartered Surveyors _94900 |
||
| 245 | _aRICS-TSA costing sheets | ||
| 260 |
_aLondon _bRICS and TSA _c1990 |
||
| 300 | _a6 loose leaves ; 17cm. | ||
| 350 | _a1 | ||
| 520 | _aCosting sheets for hydrographic surveys, site surveys, route surveys, building floor plans, building elevations and digital data. | ||
| 650 | _aGUIDANCE NOTES | ||
| 650 | _aRICS | ||
| 650 | _aSURVEY ASSOCIATION | ||
| 650 | _aTSA | ||
| 710 |
_aSurvey Association _92724 |
||
| 942 | _n0 | ||
| 948 | _c04/03/1997 | ||
| 999 |
_c93011 _d93011 |
||